| 000 | 00455cam a2200193ua 4500 | ||
|---|---|---|---|
| 020 | _cRs. 60.00 | ||
| 041 |
_aeng _h |
||
| 082 |
_a539.7 _bCON/TH |
||
| 100 | _aCondon, E V . | ||
| 245 | _aTheory of atomic spectra | ||
| 250 |
_a1 / _b. |
||
| 260 |
_aLondon : _bCambridge at the University Press , _c1963. |
||
| 300 | _a441 ; . | ||
| 365 | _aRs. 60.00 | ||
| 504 | _a | ||
| 700 | 1 | _aShortley, G H . | |
| 942 | _cBK | ||
| 999 |
_c1610 _d1610 |
||